District-level deprivation in the new millennium (Record no. 3098)

MARC details
000 -LEADER
fixed length control field 00630nam a2200193Ia 4500
020 ## - INTERNATIONAL STANDARD BOOK NUMBER
ISBN 81-220-0661-2
082 ## - DEWEY DECIMAL CLASSIFICATION NUMBER
Classification number 330.954 NEW-;
245 #0 - TITLE STATEMENT
Title District-level deprivation in the new millennium
260 ## - PUBLICATION, DISTRIBUTION, ETC. (IMPRINT)
Place of publication Delhi
Name of publisher Konark Publishers
Year of publication 2003
300 ## - PHYSICAL DESCRIPTION
Number of Pages 200p.
650 ## - SUBJECT ADDED ENTRY--TOPICAL TERM
Topical Term Developmental economics - India
650 ## - SUBJECT ADDED ENTRY--TOPICAL TERM
Topical Term India - Social conditions
650 ## - SUBJECT ADDED ENTRY--TOPICAL TERM
Topical Term India - Economic conditions
700 ## - ADDED ENTRY--PERSONAL NAME
Personal name Debroy, Bibek
700 ## - ADDED ENTRY--PERSONAL NAME
Personal name Bhandari, Laveesh
710 ## - ADDED ENTRY--CORPORATE NAME
Corporate name or jurisdiction name as entry element New Delhi. International Development Enterprises
710 ## - ADDED ENTRY--CORPORATE NAME
Corporate name or jurisdiction name as entry element New Delhi. Rajiv Gandhi Foundation. Rajiv Gandhi Institute for Contemporary Studies
942 ## - ADDED ENTRY ELEMENTS (KOHA)
Koha item type Books
Holdings
Withdrawn status Lost status Damaged status Not for loan Home library Current library Date acquired Bill Date Full call number Accession Number Price effective from Koha item type
        NASSDOC Library NASSDOC Library 09/09/2004 2004-10-05 330.954 NEW-; 39059 18/04/2019 Books